Mensaje presidencial 1980
Salvato in:
| Autore principale: | |
|---|---|
| Natura: | Libro |
| Lingua: | spagnolo |
| Pubblicazione: |
Santiago
Ministerio Secretaría Genereal de Gobierno
1981
|
| Soggetti: | |
| Tags: |
Aggiungi Tag
Nessun Tag, puoi essere il primo ad aggiungerne!!
|
MARC
| LEADER | 00000nam a2200000 a 4500 | ||
|---|---|---|---|
| 001 | UCS3351 | ||
| 003 | CL-VaPUC | ||
| 008 | 970620e19810000CL |||||||||||||||||spa|d | ||
| 082 | 0 | 4 | |a 351.003 |b MEN |2 21 |
| 100 | |a Pinochet Ugarte, Augusto, |e 1915-2006 |9 374419 | ||
| 245 | 1 | 0 | |a Mensaje presidencial 1980 |
| 300 | |a 715 p | ||
| 942 | |c BK | ||
| 945 | |d 19970620 00:00:00 |a lriquelm | ||
| 260 | |a Santiago |b Ministerio Secretaría Genereal de Gobierno |c 1981 | ||
| 500 | |a Mensaje presidencial 11 de septiembre 1980 - 11 de septiembre 1981: S.E el Presidente de la República Capitán General don Augusto Pinochet Ugarte informa al país | ||
| 650 | 7 | |a MENSAJES PRESIDENCIALES |2 CL-VaPUC |9 256599 | |
| 650 | 0 | |a Política económica |9 255029 | |
| 650 | 0 | |a Política y gobierno |9 255151 | |
| 651 | 7 | |a CHILE |2 CL-VaPUC |9 389405 | |
| 583 | |a last modification |c 19970620 00:00:00 |k Rodrigo Vera | ||
| 999 | |c 261088 |d 261086 | ||
| 952 | |0 0 |1 0 |4 0 |6 351_003000000000000_MEN_1981 |7 0 |8 F |9 287897 |a BIBDER |b BIBDER |d 2019-11-19 |i 1868314 |o 351.003 MEN 1981 |p 1868314 |r 2023-01-25 |w 2019-11-19 |y BK_F |k DER | ||